Drogas y otras sustancias estupefacientes: su tráfico y tenencia, situación actual (Registro nro. 454)

Detalles MARC
000 -Cabecera
Campo de control de longitud fija 00564aam a2200205 4500
005 - Fecha y hora de la última transacción
Campo de control 20260320144158.0
008 - Elementos de longitud fija--Información general
Campo de control de longitud fija 150731b1977 xxu||||| |||| 00| 0 spa d
041 ## - Idioma
Código de idioma Español
082 ## - Clasificación Decimal Dewey
Número de clasificación 364.177 L864d
100 ## - Entrada principal--Autor personal
Nombre personal López Bolado, Jorge
9 (RLIN) 17669
245 ## - Título propiamente dicho
Título Drogas y otras sustancias estupefacientes: su tráfico y tenencia, situación actual
260 ## - Pie de imprenta
Lugar de publicación, distribución, etc. Argentina
260 ## - Pie de imprenta
Nombre del editor, distribuidor, etc. Plus Ultra
260 ## - Pie de imprenta
Fecha de publicación, distribución, etc. 1977
300 ## - Descripción física
Extensión 187 páginas
490 ## - Serie
Título de la Serie Investigación Criminal
650 ## - Materia general
Temática (materia general) ESTUPEFACIENTES
650 ## - Materia general
Temática (materia general) TRÁFICO DE DROGAS
942 ## - Punto de acceso adicional KOHA
Tipo de ítem KOHA Libro
Fuente del sistema de clasificación o colocación Dewey Decimal Classification
Existencias
Signatura completa Código de barras Programa Académico Tipo de ítem
364.177 L864d 1085 Investigación Criminal Libro
364.177 L864d 1131 Investigación Criminal Libro